000 00450nam a2200169Ia 4500
001 15009
003 IN-NITTTR
005 20251114233141.0
008 251113s9999||||xx |||||||||||||| ||eng||
040 _beng
040 _cIN-NITTTR
041 _aeng
082 _a339.525 D491C
100 _aDevendra Singh,
245 0 _aCorporate taxation and industrial growth :
_b a case study of some industries in India /
_cDevendra Singh
942 _2ddc
_cBK
999 _c17644
_d17644